000 00910cam a2200277 4500
008 090401t1996 xxu||||| |||| 00| 0 eng d
020 _a1900858002
035 _a(Sirsi) u44386
041 _aeng
050 _a690.24
110 _aBuilding Maintenance Information
_93229
245 _aEnergy consumption study.
260 _aKingston upon Thames
_bBMI
_c1996
300 _a44p. ; 30cm.
350 _a0
490 _aBMI Special Report
_v248 Serial
520 _aThis item is part of a subscription service and cannot be photocopied. Neither can any part of it be read out over the phone. Please contact BMI direct on 0171-222-7000 for details.
650 _aCARBON DIOXIDE EMISSIONS
650 _aDEGREE DAYS
650 _aENERGY CONSUMPTION
650 _aENERGY COSTS
650 _aOFFICES
690 _aBUILDING AND CONSTRUCTION-ENERGY CONSERVATION
942 _n0
948 _c04/03/1997
999 _c91509
_d91509